Responses for Show #5724 - Thursday, June 25, 2009

Contestants

[<< previous game]

Srikanth Sivashankaran, a test prep instructor originally from Cleveland, Ohio

Emily Heaney, a freelance costume designer from White Bear Lake, Minnesota

James Erwin, a writer from Des Moines, Iowa (whose 2-day cash winnings total $22,598)

[next game >>]

Jeopardy! Round responses

SHAKESPEARE QUOTES
(Alex: You have to come up with the play.)
WHO PLAYED 'EM?
BEN & JERRY'S FLAVORS
CLASSICAL WORKS' OTHER NAMES
AS "IF"!
WHATEVER!
    $200 6
Romeo and Juliet

James
    $200 11
Meryl Streep

Emily
    $200 19
Queen

Emily
    $200 16
the "Unfinished Symphony"

James
    $200 1
adrift

James
    $200 25
Hostess

Emily
    $400 7
The Taming of the Shrew

James
    $400 12
Clint Eastwood

Emily
    $400 20
(James: What is vodka?)

coffee

JamesEmily
    $400 17
(Emily: What is "Für Elise"?)

the "Moonlight Sonata"

Emily
Triple Stumper
    $400 2
a bailiff

Srikanth
    $400 26
John Paul II

James
    $600 8
The Merchant of Venice

Emily
    $600 13
Isla Fisher

Emily
    $600 21
strawberry

Srikanth
    $600 18
the "Spring Symphony"

Triple Stumper
    $600 3
an edifice

James
    $600 24
whittling

James
    $800 9
(James: What is Henry V?)
(Srikanth: What is Henry VI?)

Julius Caesar

JamesEmilySrikanth
    $800 14
Mickey Rourke

Srikanth
    $500 22
maple

Srikanth
    $800 29
the "Jupiter Symphony"

James
    $800 4
deify

James
    $800 27
The Color Purple

Emily
    $1000 10
A Midsummer Night's Dream

Emily
    $1000 15
Robert Downey, Jr.

James
    $1000 23
(Srikanth: What is Cherry Garcia?)
(Emily: What is Chunky Monkey?)

Wavy Gravy

EmilySrikanth
Triple Stumper
    $1000 30
(James: What is Stalingrad?)
(Emily: What is Paris?)

the "Leningrad Symphony"

JamesEmily
Triple Stumper
    $1000 5
(Alex: Duh! [*]! Duh! Go again. James.)
(James: I just got here.)
[Laughter]

California

Triple Stumper
    $1000 28
copper

Triple Stumper

Scores at the first commercial break (after clue 15):

James Emily Srikanth
$2,400 $3,600 $400

Scores at the end of the Jeopardy! Round:

James Emily Srikanth
$3,000 $2,800 $500

Double Jeopardy! Round responses

HEAD SOUTH FROM
(Alex: All of these clues have to do with countries that border each other.)
EMMY HISTORY
SHEER CHAOS
THE 9th CENTURY
EN-COMPASSING
(Alex: A compass direction will come up in each correct response.)
SECOND LETTER "X"
(Alex: The "X" will be the second letter of each correct response.)
    $400 3
(James: What is Denmark?)
...
(Alex: Yes... head south from Alaska!)

the United States

JamesSrikanth
    $400 13
I Love Lucy

Emily
    $400 17
air currents (or the wind or the weather)

James
    $400 8
Dublin

James
    $400 25
(Alex: [*] of Eden, correct.)

east

James
    $400 1
Ixtapa

Emily
    $800 4
the Netherlands

James
    $800 14
Angela Lansbury

Emily
    $800 18
Einstein

James
    $800 9
Alfred

James
    $800 26
Southwest

Srikanth
    $800 2
Excalibur

James
    $1200 5
(James: What is Turkey?)

Syria

JamesSrikanth
    $1200 15
Cheers

Emily
    $1200 19
an earthquake

Emily
    $1200 10
Charlemagne

James
    $1200 27
the West Bank

Emily
    $1200 22
an axiom

James
    $1600 6
Hungary

James
    $1600 16
Entourage

James
    $1,000 20
fuzzy math

Emily
    $1600 11
Fez

Emily
    $3,000 28
the Northwest Passage

Emily
    $1600 23
Exxon

Emily
    $2000 7
(Srikanth: What is Uruguay?)

Bolivia

JamesSrikanth
    $2000 29
The West Wing

Srikanth
    $2000 21
uncertainty

James
    $2000 12
(James: What is [*] Wat?)
...
(Alex: It's not [*] Wat for the city. [*] Wat is a temple.)

Angkor

James
Triple Stumper
    $2000 30
North Dakota

Emily
    $2000 24
an oxbow

James

Scores at the end of the Double Jeopardy! Round:

James Emily Srikanth
$15,400 $17,200 $2,900

[wagering suggestions for these scores]

Final Jeopardy! Round responses

SLANG TERM ORIGINS
(Emily: Couldn't finish it. Patsy?)
SrikanthWhat is
$701
JamesWhat is a stool pigeon
$15,000
EmilyWhat is a pats
$15,000
a whipping boy

Final scores:

James Emily Srikanth
$400 $2,200 $2,199
3rd place: $1,000 New champion: $2,200 2nd place: $2,000

Game dynamics:

Coryat scores:

James Emily Srikanth
$15,400 $16,400 $3,200
24 R,
6 W
21 R
(including 2 DDs),
3 W
8 R
(including 1 DD),
3 W

Combined Coryat: $35,000

[game clues] [game scores] [suggest correction]

Game tape date: 2009-03-18
The J! Archive is created by fans, for fans. Scraping, republication, monetization, and malicious use prohibited; this site may use cookies and collect identifying information. See terms. The Jeopardy! game show and all elements thereof, including but not limited to copyright and trademark thereto, are the property of Jeopardy Productions, Inc. and are protected under law. This website is not affiliated with, sponsored by, or operated by Jeopardy Productions, Inc. Join the discussion at JBoard.tv.